000
00234nam a22000977a 4500
003
NUST
082
_a
624.068
_b
AHM
245
_a
Construction Bid Management
_c
by S A Ahmad
260
_a
Construction Publications
_c
2018
942
_2
ddc
_c
BK
999
_c
608715
_d
608715